ბათუმის შოთა რუსთაველის სახელმწიფო უნივერსიტეტის ბიბლიოთეკა

პოლიტიკური კონფლიქტების მართვა : სალექციო კურსი (ბიბ.ჩანაწერი № 38042)

000 -ლიდერი
ფიქსირებული სიგრძის საკონტროლო ველი 01573nam a2200277Ia 4500
001 - საკონტროლო ნომერი
საკონტროლო ველი 4028
003 - საკონტროლო ნომრის იდენტიფიკატორი
საკონტროლო ველი GE_BSU
005 - ბოლო ოპერაციის თარიღი და დრო
საკონტროლო ველი 20221025172541.0
008 - ფიქსირებული სიგრძის მონაცემთა ელემენტები - ზოგადი ინფორმაცია
ფიქსირებული სიგრძის საკონტროლო ველი 181216s2001||||ge |||||||||||||| ||geo||
020 ## - წიგნის საერთაშორისო სტანდარტული ნომერი
International Standard Book Number 9992889187
040 ## - კატალოგიზაციის წყარო
Transcribing agency GE_BSU
041 ## - ენის კოდი
Language code of text/sound track or separate title geo
080 ## - უნივერსალური ათობითი კლასიფიკაციის ინდექსი
Universal Decimal Classification number 316.48+327.56+341.9(042) ჯ-71
100 ## - მთავარი ჩანაწერი - პიროვნების სახელი
Personal name ჯორბენაძე, რევაზ
9 (RLIN) 1012
245 ## - ცნობა სათაურის შესახებ
Title პოლიტიკური კონფლიქტების მართვა : სალექციო კურსი
Remainder of title სახელმძღვ. სოციალ. მეცნ. მაგისტრანტებისათვის /
Statement of responsibility, etc რევაზ ჯორბენაძე ; რედ : ლია კაჭარავა; ფონდი ღია საზოგადოება - საქართველო.
264 ## - წარმოების, გამოცემის, დისტრიბუციის და სხვა ცნობები
გამოცემის, წარმოების, დისტრიბუციის... ადგილი თბილისი :
გამოცემის, წარმოების, დისტრიბუციის... სახელწოდება მეცნიერება,
გამოცემის, წარმოების, დისტრიბუციის... თარიღი 2001.
300 ## - ფიზიკური აღწერა
Extent 195 გვ . ;
Dimensions 20 სმ.
440 ## - სერიის ცნობა / დამატებულია ჩანაწერი - სათაური
Title სოციალურ მეცნიერებათა სერია
9 (RLIN) 955
504 ## - BIBLIOGRAPHY, ETC. NOTE
Bibliography, etc ბიბლიოგრ.: გვ. 190-194.
653 ## - INDEX TERM--UNCONTROLLED
Uncontrolled term პოლიტიკური კონფლიქტების მართვა
653 ## - INDEX TERM--UNCONTROLLED
Uncontrolled term ძალაუფლება
653 ## - INDEX TERM--UNCONTROLLED
Uncontrolled term საერთაშორისო ურთიერთობები
700 ## - ADDED ENTRY--PERSONAL NAME
Personal name კაჭარავა, ლია
Relator term რედაქტორი
9 (RLIN) 1013
710 ## - ADDED ENTRY--CORPORATE NAME
Corporate name or jurisdiction name as entry element ფონდი ღია საზოგადოება - საქართველო
9 (RLIN) 15544
942 ## - ADDED ENTRY ELEMENTS (KOHA)
Koha item type წიგნი
Source of classification or shelving scheme
ეგზემპლარები
ჩამოწერის სტატუსი დაკარგული ეგზემპლარის სტატუსი კლასიფიკაციის წყარო ან თაროზე გაწყობის სქემა დაზიანების სტატუსი არ გაიცემა მუდმივი მდებარეობა (დაცვის ადგილი) ამჟამინდელი ადგილსამყოფელი თაროზე განთავსების ადგილი შეძენის თარიღი სრული შენახვის შიფრი შტრიხკოდი ბოლო ოპერაციის თარიღი ეგზემპლარის მიმდევრობითი ნომერი (კეტერი?) ფასის ძალაში შესვლის თარიღი ეგზემპლარის სახეობა ღირებულება, შესყიდვის ნორმალური ფასი საჯარო შენიშვნა
          ბათუმის შოთა რუსთაველის სახელმწიფო უნივერსიტეტის მთავარი ბიბლიოთეკა ბათუმის შოთა რუსთაველის სახელმწიფო უნივერსიტეტის მთავარი ბიბლიოთეკა წიგნსაცავი 2022-10-25 327.56(042.4)+341.9 ჯ-71 5858 2022-10-25 5858 2022-10-25 წიგნი 2.00 2 ლ.
          ბათუმის შოთა რუსთაველის სახელმწიფო უნივერსიტეტის მთავარი ბიბლიოთეკა ბათუმის შოთა რუსთაველის სახელმწიფო უნივერსიტეტის მთავარი ბიბლიოთეკა წიგნსაცავი 2022-10-25 316.48+327.56+341.9(042) ჯ-71 28775 2022-10-25 28775 2022-10-25 წიგნი 5.00 5 ლ.
          ტექნოლოგიური ფაკულტეტის ბიბლიოთეკა ტექნოლოგიური ფაკულტეტის ბიბლიოთეკა წიგნსაცავი 2018-12-17 316.48+327.56+341.9(042) ჯ-71 8356 2018-12-17 8356 2018-12-17 წიგნი    
          ტექნოლოგიური ფაკულტეტის ბიბლიოთეკა ტექნოლოგიური ფაკულტეტის ბიბლიოთეკა წიგნსაცავი 2018-12-17 316.48+327.56+341.9(042) ჯ-71 8357 2018-12-17 8357 2018-12-17 წიგნი